| 000 | 00776nam a2200205 a 4500 | ||
|---|---|---|---|
| 003 | 0 | ||
| 005 | 20250523134606.0 | ||
| 008 | 021128s19uu xx 00 eng d | ||
| 050 |
_aPGS HV 5824.Y68 _b.Ii25 2001 |
||
| 100 | _aIizuka, Koji A. | ||
| 245 |
_aAwareness of grade 6 students about illegal drugs and drug abuse / _cKoji A. Iizuka. |
||
| 260 |
_aLas PiƱas City, Philippines : _bSouthville International School and Colleges, _c2001. |
||
| 300 |
_a44 pages : _bcolored illustrations ; _c28 cm. |
||
| 504 | _aIncludes bibliographical references. | ||
| 650 |
_aDrug abuse _zPhilippines _vPublic opinion. |
||
| 650 |
_aDrug abuse _vPrevention _vStudy and teaching (Elementary). |
||
| 650 |
_aStudents _vDrug use. |
||
| 650 | _aSixth grade (Education). | ||
| 942 |
_2lcc _cPASS |
||
| 999 |
_c96562 _d96562 |
||